[Event "5th DA Tan Malaysian Open"]
[Site "Kuala Lumpur MAS"]
[Date "2008.08.19"]
[Round "4"]
[White "Ferdiman,T"]
[Black "Cantonjos,A"]
[Result "0-1"]
[WhiteElo "2000"]
[BlackElo "2205"]

1.e4 d6 2.d4 Nf6 3.Nc3 c6 4.f4 Qa5 5.Bd3 e5 6.Nf3 Nbd7 7.dxe5 dxe5 8.f5 b5
9.Bd2 Qb6 10.Qe2 Bc5 11.h3 Nh5 12.g4 Ng3 13.Qg2 Nxh1 14.Qxh1 Bf2+ 15.Ke2 Bd4
16.Nd1 Qc7 17.c3 Bb6 18.g5 Bb7 19.a4 a6 20.b4 g6 21.a5 Ba7 22.Ne3 Bxe3 23.Bxe3 c5
24.f6 h5 25.gxh6 c4 26.Bc2 Nxf6 27.Bb6 Qc6 28.Qh2 Nd7 29.Rd1 f6 30.Rd5 Qe6
31.Qg3 Nxb6 32.axb6 Rxh6 33.Ng5 Qe7 34.Rc5 Rc8 35.Rxc8+ Bxc8 36.Nf3 g5 37.h4 g4
38.Nh2 Qh7 39.Nxg4 Rg6 40.Nxf6+ Rxf6 41.Qxe5+ Re6 42.Qc5 Qb7 43.Qh5+ Ke7
44.Qg5+ Kd6 45.Qd8+ Qd7 46.Qf8+ Kc6 47.Qc5+ Kb7 48.e5 Qc6 49.Qd4 Qg2+ 50.Kd1 Qh1+
51.Kd2 Qh2+ 52.Kc1  0-1

[Event "83rd ch-FRA w"]
[Site "Pau FRA"]
[Date "2008.08.19"]
[Round "8"]
[White "Muller,Ann"]
[Black "Flear,C"]
[Result "1/2-1/2"]
[WhiteElo "2179"]
[BlackElo "2133"]

1.e4 d6 2.d4 Nf6 3.Nc3 Nbd7 4.Nf3 e5 5.dxe5 Nxe5 6.Nxe5 dxe5 7.Qxd8+ Kxd8
8.Bg5 Be7 9.O-O-O+ Ke8 10.Bc4 c6 11.f3 h6 12.Be3  1/2-1/2

[Event "44th Rubinstein Mem Open A"]
[Site "Polanica Zdroj POL"]
[Date "2008.08.19"]
[Round "1"]
[White "Raszkiewicz,A"]
[Black "Bebel,A"]
[Result "0-1"]
[WhiteElo "1827"]
[BlackElo "2187"]

1.e4 d6 2.d4 Nf6 3.Nc3 e5 4.Nf3 Nbd7 5.Bc4 Be7 6.O-O O-O 7.h3 c6 8.Bb3 b5
9.a3 Bb7 10.dxe5 dxe5 11.Be3 Qc7 12.Qe2 Nc5 13.Nd2 a5 14.f3 Ba6 15.Qf2 Nxb3
16.Nxb3 b4 17.Ne2 Nd7 18.Rfd1 a4 19.Nbc1 c5 20.Ng3 Bh4 21.Qe1 Rfd8 22.Bf2 Nf8
23.Nd3 b3 24.c4 Bxc4 25.Qc3 Bxd3 26.Rxd3 Ne6 27.Rad1 Rxd3 28.Rxd3 Nd4 29.Kh2 c4
30.Rd1 Rd8 31.Nh1 Bxf2 32.Nxf2 h5 33.Kh1 Kh7 34.Rd2 Nb5 35.Qe3 Rxd2 36.Qxd2 c3
37.bxc3 Qxc3 38.Qxc3 Nxc3 39.Nd3 Nd1  0-1

[Event "Open A"]
[Site "Vladimir RUS"]
[Date "2008.08.19"]
[Round "7"]
[White "Ziatdinov,R"]
[Black "Zablotsky,S"]
[Result "0-1"]
[WhiteElo "2433"]
[BlackElo "2514"]

1.e4 d6 2.d4 Nf6 3.Nc3 e5 4.Nf3 Nbd7 5.Bc4 Be7 6.O-O O-O 7.Re1 c6 8.a4 exd4
9.Nxd4 Ne5 10.Bb3 Re8 11.h3 Bf8 12.Bg5 h6 13.Bh4 Ng6 14.Bg3 Qa5 15.Qd2 Nh5
16.Bh2 Qg5 17.Qxg5 hxg5 18.a5 Bd7 19.Re3 b5 20.axb6 axb6 21.Rae1 Nhf4 22.Kf1 Ra5
23.g4 Ne5 24.Nf5 Be6 25.Ne2 Nc4 26.Bxf4 gxf4 27.Rc3 Nxb2 28.Rb1 f3 29.Nf4 Bxb3
30.cxb3 Rxe4 31.Rxf3 Ra2 32.Ng3 Rb4 33.Nfe2 Nc4 34.Nc3 Nd2+ 35.Ke2 Nxf3+
36.Nxa2 Rxb3 37.Rxb3 Nd4+ 38.Kd3 Nxb3 39.Nb4 Na5  0-1

[Event "5th DA Tan Malaysian Open"]
[Site "Kuala Lumpur MAS"]
[Date "2008.08.20"]
[Round "5"]
[White "Yang Kaiqi"]
[Black "Nadanian,A"]
[Result "1/2-1/2"]
[WhiteElo "2366"]
[BlackElo "2436"]

1.e4 d6 2.d4 Nf6 3.Nc3 Nbd7 4.Nf3 e5 5.Bc4 Be7 6.O-O O-O 7.Re1 c6 8.a4 exd4
9.Nxd4 d5 10.exd5 Nb6 11.Bb3 Nbxd5 12.Bg5 Nxc3 13.bxc3 h6 14.Bh4 Nd5 15.Nxc6 bxc6
16.Bxe7 Nxe7 17.Qxd8 Rxd8 18.Rxe7 Be6 19.Bxe6 fxe6 20.Rxe6 Rd2 21.Rc1 Rb8
22.Kf1 Rb6 23.Ke1 Rd5 24.Rd1 Kf7 25.Re4 Rb2 26.Rxd5 cxd5 27.Rd4 Rxc2 28.Rxd5 Rxc3
29.Rd7+ Kf6 30.Rxa7 Ra3 31.h4 h5 32.Kf1 Ra1+ 33.Ke2 Ra2+ 34.Kf3 Ra3+ 35.Kf4 Ra2
36.Ra6+ Kf7 37.Kg3 Ra3+ 38.f3 Ra2 39.Ra5 g6 40.Ra7+ Kf6 41.a5 Kf5 42.a6 Ke5
43.Ra8 Kf6 44.Kf4 Ra4+ 45.Ke3 Kg7 46.f4 Kf6 47.Kd3 Kf5 48.Rf8+ Ke6 49.f5+ gxf5
50.Rh8 Ke5 51.Rxh5 Ra3+ 52.Ke2 Rxa6 53.g4 Ra2+ 54.Kd3 Ra3+ 55.Kc2 Ra2+ 56.Kb3 Rg2
57.Rxf5+ Ke4 58.h5 Rxg4 59.Rc5 Rg3+ 60.Kb4 Rh3  1/2-1/2

[Event "5th DA Tan Malaysian Open"]
[Site "Kuala Lumpur MAS"]
[Date "2008.08.20"]
[Round "6"]
[White "Minhazuddin,A"]
[Black "Cantonjos,A"]
[Result "1-0"]
[WhiteElo "2339"]
[BlackElo "2205"]

1.e4 d6 2.d4 Nf6 3.Nc3 c6 4.Nf3 Bg4 5.Be2 Nbd7 6.O-O e6 7.Re1 Be7 8.h3 Bh5
9.a4 O-O 10.e5 Nd5 11.Nxd5 cxd5 12.exd6 Bxd6 13.Ne5 Bxe5 14.Bxh5 Bd6 15.Bf3 Rc8
16.Re2 Qf6 17.c3 Rfd8 18.Qb3 Rc7 19.Bd2 Nf8 20.Re3 Ng6 21.g3 Ne7 22.Bg2 Nc6
23.Rf3 Qe7 24.Re1 Qd7 25.Qa2 Na5 26.Bf1 a6 27.b3 Nc6 28.Rfe3 Rb8 29.a5 Rcc8
30.Qa1 Qd8 31.b4 Na7 32.Qd1 Qd7 33.Qf3 Nb5 34.h4 Bf8 35.Rd3 Rc6 36.h5 Rbc8
37.Bh3 Qc7 38.Ree3 Na3 39.Re1 Nb5 40.Ree3 g6 41.Qe2 Na3 42.Rf3 Nc4 43.Bf4 Qd7
44.hxg6 hxg6 45.g4 Bg7 46.Bg2 b6 47.axb6 Rxb6 48.Rh3 a5 49.bxa5 Rb1+ 50.Bf1 Ra8
51.Bh6 Rxa5 52.Rd1 Qb5 53.Bxg7 Kxg7 54.Rxb1 Qxb1 55.Kg2 Ra1 56.Rh1 Kg8 57.Qf3 Nd2
58.Qf6 Qe4+ 59.f3 Qxf3+ 60.Qxf3 Nxf3 61.Kxf3 Ra3 62.Ke3 Rxc3+ 63.Bd3 Kg7
64.Ra1 Rc7 65.g5 Rc3 66.Rb1 Ra3 67.Rb7 Rc3 68.Ra7 Rb3 69.Rd7 Ra3 70.Rb7 Rc3
71.Kd2 Ra3 72.Ke3 Rc3 73.Rb1 Ra3 74.Rg1 Rc3 75.Rg4 Ra3 76.Kd2 Kg8 77.Ke3 Kg7
78.Rg1 Kg8 79.Rg2 Kg7 80.Rg3 Kg8 81.Kf4 Kg7 82.Ke5 Ra1 83.Kd6 Ra3 84.Rf3 Kf8
85.Be2 Ra4 86.Rf4 Ra5 87.Bd3 Ke8 88.Bf1 Kf8 89.Be2 Kg7 90.Bd3 Ra3 91.Bb5 Kf8
92.Rf1 Ra5 93.Bc6 Ra3 94.Bb5 Ra8 95.Rb1 Ra3 96.Bd7 Ra6+ 97.Ke5 Ra2 98.Rb8+ Ke7
99.Bb5  1-0

[Event "Independence Cup A"]
[Site "Kyiv UKR"]
[Date "2008.08.20"]
[Round "8"]
[White "Dolzhikova,O"]
[Black "Ianov,V"]
[Result "1/2-1/2"]
[WhiteElo "2256"]
[BlackElo "2370"]

1.e4 d6 2.d4 Nf6 3.Nc3 c6 4.h3 b5 5.a3 Qc7 6.Be3 e5 7.f4 Nbd7 8.Be2 Be7 9.Bf3 O-O
10.Nge2 Bb7 11.O-O a6 12.g4 h6 13.Ng3 exd4 14.Qxd4 c5 15.Qd2 Nb6 16.b3 Rfe8
17.Rae1 Rad8 18.Nd5 Nbxd5 19.exd5 Bc8 20.g5 hxg5 21.fxg5 Nd7 22.Bf4 Ne5 23.Bxe5 dxe5
24.Be4 c4 25.Nh5 Rd6 26.Rf3 Qd8 27.Ref1 Bxg5 28.Rxf7 Bxd2 29.Rxg7+ Kh8 30.Rh7+  1/2-1/2

[Event "XIII Konik Morski Open A"]
[Site "Rewal POL"]
[Date "2008.08.20"]
[Round "1"]
[White "Koziak,V"]
[Black "Jagodzinski,W"]
[Result "1-0"]
[WhiteElo "2489"]
[BlackElo "2141"]

1.e4 d6 2.d4 Nf6 3.Nc3 c6 4.Nf3 Bg4 5.h3 Bh5 6.g4 Bg6 7.Qe2 e6 8.h4 h6 9.h5 Bh7
10.g5 hxg5 11.Nxg5 Bg8 12.Bg2 Qb6 13.d5 e5 14.a4 a5 15.Be3 Qc7 16.O-O-O Na6
17.f4 Nb4 18.dxc6 bxc6 19.fxe5 dxe5 20.Qf3 Rd8 21.h6 Rxd1+ 22.Rxd1 Qe7 23.Qf5 Qc7
24.hxg7 Bxg7 25.Bh3 Bh7 26.Ne6 fxe6 27.Qxe6+ Qe7 28.Rd8+  1-0

[Event "XIII Konik Morski Open A"]
[Site "Rewal POL"]
[Date "2008.08.20"]
[Round "1"]
[White "Andrzejewska,A"]
[Black "Mazurkiewicz,M"]
[Result "1/2-1/2"]
[WhiteElo "1992"]
[BlackElo "2239"]

1.e4 d6 2.d4 Nf6 3.Nc3 c6 4.f4 Qa5 5.Bd3 e5 6.Nf3 exd4 7.Nxd4 Be7 8.h3 O-O
9.Qf3 Na6 10.Be3 Nc5 11.O-O Qc7 12.Rae1 Nxd3 13.cxd3 Bd7 14.Qg3 c5 15.Nf3 Bc6
16.f5 Kh8 17.Bxc5 Bxe4 18.dxe4 Qxc5+ 19.Kh1 Qb4 20.Re2 Rac8 21.Rd1 Rc4 22.a3 Qb6
23.Qe1 Kg8 24.Qd2 Rfc8 25.e5 dxe5 26.Nxe5 R4c7 27.Nd5 Nxd5 28.Qxd5 Bf8 29.Nd7 Qa6
30.Red2 Rc1 31.Nxf8 Kxf8 32.Qd8+ Rxd8  1/2-1/2

[Event "Jessie Gilbert Celebration Int"]
[Site "Coulsdon ENG"]
[Date "2008.08.21"]
[Round "6"]
[White "Donovan,N"]
[Black "Purton,B"]
[Result "1/2-1/2"]
[WhiteElo "2110"]
[BlackElo "2092"]

1.e4 d6 2.d4 Nf6 3.Nc3 c6 4.f4 Qa5 5.Bd3 e5 6.Nf3 Bg4 7.Be3 Qb6 8.Qd2 exf4
9.Bxf4 Bxf3 10.gxf3 Qxd4 11.O-O-O Nbd7 12.Be3 Qb4 13.f4 Qa5  1/2-1/2

[Event "83rd ch-FRA w"]
[Site "Pau FRA"]
[Date "2008.08.21"]
[Round "10"]
[White "Lallemand,R"]
[Black "Milliet,S"]
[Result "0-1"]
[WhiteElo "2285"]
[BlackElo "2357"]

1.e4 d6 2.d4 Nf6 3.Nc3 e5 4.Nf3 Nbd7 5.Bc4 Be7 6.O-O c6 7.a4 a5 8.Ba2 O-O
9.Re1 exd4 10.Nxd4 Nc5 11.Bf4 Ne8 12.Qd2 Be6 13.Nxe6 fxe6 14.Rad1 Kh8 15.Qe3 Qb6
16.Re2 Qxb2 17.Rb1 Qa3 18.e5 d5 19.Qd4 Nxa4 20.Nxa4 Qxa2 21.Nc3 Qa3 22.Bc1 Qc5
23.Qxc5 Bxc5 24.Rxb7 a4 25.g3 a3 26.Na2 Kg8 27.c4 d4 28.Kg2 Rf7 29.Rb3 Rfa7
30.Kf3 Nc7 31.Ke4 Na6 32.f4 Nb8 33.g4 Nd7 34.f5 Kf7 35.Rh3 exf5+ 36.Kxf5 g6+
37.Kg5 Kg7 38.e6 Nf8 39.Kf4 Re8 40.Kf3 Nxe6 41.Kg3 Rf7 42.Rf2 Rxf2 43.Kxf2 Rb8
44.Ke1 Rb1 45.Rg3 Ng5 46.Kd1 Ra1 47.Rg2 Ne4 48.Re2 Rxa2  0-1

[Event "23rd Open"]
[Site "Schwarzach AUT"]
[Date "2008.08.21"]
[Round "6"]
[White "Krivoborodov,E"]
[Black "Jovanovic,Zo CRO"]
[Result "1/2-1/2"]
[WhiteElo "2414"]
[BlackElo "2557"]

1.e4 d6 2.d4 Nf6 3.Nc3 e5 4.Nf3 exd4 5.Nxd4 Be7 6.g3 Nc6 7.Bg2 O-O 8.O-O Bg4
9.f3 Bd7 10.b3 Nxd4 11.Qxd4 c6 12.Bb2 Qb6 13.Qxb6 axb6 14.a4 Ne8 15.f4 f5
16.Bh3 Rd8 17.Rfe1 fxe4 18.Rxe4 Bxh3 19.Rxe7 Rf7 20.Rae1  1/2-1/2

[Event "Open A"]
[Site "Vladimir RUS"]
[Date "2008.08.21"]
[Round "9"]
[White "Shaposhnikov,E"]
[Black "Zablotsky,S"]
[Result "1-0"]
[WhiteElo "2558"]
[BlackElo "2514"]

1.e4 d6 2.d4 Nf6 3.Nc3 e5 4.Nf3 Nbd7 5.Bc4 Be7 6.O-O O-O 7.a4 c6 8.Ba2 a5
9.Qe2 exd4 10.Nxd4 Nc5 11.f3 Qb6 12.Qf2 Kh8 13.Rb1 Be6 14.Be3 Bxa2 15.Nxa2 Qc7
16.Nc3 g6 17.Rbd1 Rfd8 18.Kh1 Kg8 19.Nf5 b6 20.Nxe7+ Qxe7 21.Qh4 Ne6 22.Rd2 Nd5
23.Bg5 Qxg5 24.Qxg5 Nxg5 25.exd5 cxd5 26.Nxd5 Kf8 27.Nxb6 Rab8 28.Nc4 d5
29.Rfd1 Rdc8 30.Nd6 Rc5 31.Nb5 Ne6 32.b3 Nc7 33.Na3 Re8 34.Kg1 Re6 35.Kf2 Ke7
36.c4 Re5 37.Rd4 h5 38.h4 dxc4 39.Rd7+ Kf6 40.Nxc4 Re8 41.R1d2 Rb8 42.Nd6 Ke6
43.Ne4 Rc6 44.Ng5+  1-0

[Event "Open A"]
[Site "Vladimir RUS"]
[Date "2008.08.22"]
[Round "10"]
[White "Girya,O"]
[Black "Yarysh,G"]
[Result "1-0"]
[WhiteElo "2350"]
[BlackElo "2304"]

1.d4 d6 2.e4 Nf6 3.Nc3 e5 4.Nf3 Nbd7 5.Bc4 Be7 6.O-O O-O 7.a4 c6 8.Ba2 Qc7
9.Re1 b6 10.Nh4 Rd8 11.Nf5 Nf8 12.dxe5 dxe5 13.Qf3 Be6 14.Qg3 Ng6 15.Bxe6 fxe6
16.Nxe7+ Qxe7 17.a5 b5 18.f3 b4 19.Na4 b3 20.Qf2 Qb4 21.Be3 Nf4 22.Nc5 bxc2
23.Qxc2 Rab8 24.g3 Ng6 25.Nxe6 Re8 26.Nc7 Rec8 27.Na6 Qb3 28.Qxb3+ Rxb3 29.Bxa7 Rxf3
30.Nc5 Nf8 31.Rad1 Kf7 32.Kg2  1-0

[Event "5th DA Tan Malaysian Open"]
[Site "Kuala Lumpur MAS"]
[Date "2008.08.23"]
[Round "9"]
[White "Nardi,M"]
[Black "Cantonjos,A"]
[Result "1-0"]
[WhiteElo "2047"]
[BlackElo "2205"]

1.e4 d6 2.d4 Nf6 3.Nc3 c6 4.a4 Qc7 5.h3 e5 6.Nf3 Nbd7 7.dxe5 dxe5 8.Bc4 Bb4
9.Qe2 Nc5 10.O-O Ne6 11.Nb5 cxb5 12.Bxe6 Nd7 13.Qxb5 Bc5 14.Bb3 O-O 15.Bd2 a6
16.Qe2 Ba7 17.Bc3 h6 18.Rad1 Re8 19.Rd5 Kh7 20.Rfd1 f6 21.Ba5 b6 22.Bb4 Nc5
23.Bxc5 bxc5 24.Rd6 Rb8 25.Nh4 c4 26.Bxc4 Rxb2 27.Qh5 Rf8 28.Qg6+ Kh8 29.Bb3 Bd4
30.Rxf6 Qd8 31.Rxf8+ Qxf8 32.Nf3 Bc5 33.Ng5  1-0

[Event "XIII Konik Morski Open A"]
[Site "Rewal POL"]
[Date "2008.08.23"]
[Round "4"]
[White "Przybylski,W"]
[Black "Mazurkiewicz,M"]
[Result "1-0"]
[WhiteElo "2363"]
[BlackElo "2239"]

1.e4 d6 2.d4 Nf6 3.Nc3 c6 4.Be3 Qa5 5.Qd2 e5 6.f4 Ng4 7.Nf3 Nxe3 8.Qxe3 exd4
9.Nxd4 Be7 10.O-O-O O-O 11.Kb1 b5 12.Nf5 Bxf5 13.exf5 Qc7 14.g4 d5 15.g5 Bd6
16.f6 Bxf4 17.Qh3 Nd7 18.fxg7 Kxg7 19.Bd3 Rh8 20.Bf5 Ne5 21.Qh6+ Kg8 22.Rxd5 Ng6
23.Rd4 Qe5 24.Rxf4 Nxf4 25.Ne4 Qg7 26.Qxc6 Qe5 27.Qh6  1-0

[Event "23rd Open"]
[Site "Schwarzach AUT"]
[Date "2008.08.23"]
[Round "8"]
[White "Zelcic,R"]
[Black "Jovanovic,Zo CRO"]
[Result "1/2-1/2"]
[WhiteElo "2593"]
[BlackElo "2557"]

1.e4 d6 2.d4 Nf6 3.Nc3 e5 4.Nf3 Nbd7 5.Bc4 Be7 6.O-O O-O 7.Re1 exd4 8.Nxd4 Re8
9.a4 h6 10.h3 Bf8 11.Bf4 c6 12.a5 Nc5 13.Qf3 Ne6 14.Bxe6 Bxe6 15.e5 dxe5
16.Bxe5 Nd7 17.Bg3 Nc5 18.Nxe6 Rxe6 19.Rxe6 Nxe6 20.a6 Qb6 21.axb7 Qxb7 22.b3 Rd8
23.Rd1 Rxd1+ 24.Qxd1 Qb4 25.Na4 Qd4 26.Qe1 Bd6 27.Bxd6 Qxd6 28.Nb2 Qd4 29.Nc4 h5
30.Ne3 g6 31.b4 a6 32.c4 Qb2 33.Kh2 Qe5+ 34.Kh1 Qb2 35.Kh2 Qe5+ 36.Kh1 Qb2
37.c5 Qd4 38.Nc2 Qd3 39.Ne3 Qd4 40.Nc2 Qd3 41.Ne3  1/2-1/2

[Event "X Sants Open"]
[Site "Barcelona ESP"]
[Date "2008.08.24"]
[Round "3"]
[White "Cuartas,Ja"]
[Black "Byklum,B"]
[Result "1-0"]
[WhiteElo "2495"]
[BlackElo "2308"]

1.e4 d6 2.d4 Nf6 3.Nc3 e5 4.dxe5 dxe5 5.Qxd8+ Kxd8 6.Bc4 Bb4 7.Bd2 Ke7 8.a3 Bd6
9.Nge2 Nbd7 10.Ng3 Nb6 11.Bd3 g6 12.h4 Be6 13.b3 a6 14.h5 Rag8 15.Be2 Nbd7
16.Bg5 Ke8 17.Bd2 Bc5 18.Nd1 Bd6 19.Ne3 Nc5 20.f3 b5 21.a4 Bd7 22.axb5 axb5
23.Ra5 c6 24.hxg6 fxg6 25.b4 Ne6 26.c4 Nd4 27.cxb5 cxb5 28.Ra6 Ke7 29.Nd5+ Nxd5
30.exd5 Bxb4  1-0

[Event "LXXII ch-CRC Fase 2"]
[Site "San Jose CRC"]
[Date "2008.08.24"]
[Round "2"]
[White "Machado Ramirez,A"]
[Black "Valdes,Le"]
[Result "0-1"]
[WhiteElo "2068"]
[BlackElo "2408"]

1.e4 d6 2.d4 Nf6 3.Nc3 Nbd7 4.f4 e5 5.Nf3 exd4 6.Nxd4 g6 7.Be2 Bg7 8.O-O O-O
9.Bf3 Re8 10.Re1 a6 11.Nb3 Rb8 12.Be3 b6 13.Qd2 Bb7 14.Bf2 Qc8 15.Rad1 h5
16.h3 Bh6 17.Bh4 Bg7 18.Bg3 Nh7 19.Qd3 a5 20.a4 Nhf8 21.Nd4 Ne6 22.Nxe6 Rxe6
23.Bf2 Nc5 24.Bxc5 bxc5 25.b3 Qe8 26.Nd5 Bxd5 27.Qxd5 Bd4+ 28.Kf1 Rb4 29.Qg5 Bf6
30.Qg3 Qe7 31.Qf2 Bc3 32.Re2 h4 33.Rd5 Bd4 34.Qe1 c6 35.Rg5 Qf6 36.Qxh4 Qg7
37.Qg3 Rf6 38.h4 Bc3 39.h5 Rd4 40.Kg1 Rd1+ 41.Kh2 Bd4 42.hxg6 fxg6 43.Qh3 Rxf4
44.Qc8+ Kh7 45.Qh3+ Qh6 46.Qxh6+ Kxh6 47.Rg4 Rf8 48.Rh4+ Kg7 49.Kg3 Rf1  0-1

[Event "TCh-MNE Premier"]
[Site "Herceg Novi MNE"]
[Date "2008.08.25"]
[Round "1"]
[White "Miladinovic,I"]
[Black "Damljanovic,B"]
[Result "1/2-1/2"]
[WhiteElo "2571"]
[BlackElo "2579"]

1.d4 d6 2.e4 Nf6 3.Nc3 e5 4.dxe5 dxe5 5.Qxd8+ Kxd8 6.Bg5 Be7 7.O-O-O+ Nbd7
8.Bh4 Ne8 9.Bg3 Bd6 10.Nd5 c6 11.Ne3 f6 12.Nf5 Bc7 13.Ne2 g6 14.Ne3 Ke7 15.Nc3 Nb6
16.Bd3 Be6 17.h4 Ng7 18.Bh2 Nh5 19.g3 Bd6 20.Rde1  1/2-1/2

[Event "44th Rubinstein Mem Open A"]
[Site "Polanica Zdroj POL"]
[Date "2008.08.25"]
[Round "7"]
[White "Hnydiuk,A"]
[Black "Bebel,A"]
[Result "1-0"]
[WhiteElo "2387"]
[BlackElo "2187"]

1.e4 d6 2.d4 Nf6 3.Nc3 e5 4.Nf3 Nbd7 5.g4 Nxg4 6.Rg1 exd4 7.Nxd4 Nge5 8.Bg5 Nf6
9.Bxf6 gxf6 10.Qh5 c6 11.O-O-O Qc7 12.Qh4 Be7 13.Rg7 Ng6 14.Qh5 Bf8 15.Ndb5 Qd8
16.Bc4 Bxg7 17.Nxd6+ Ke7 18.Qc5 Qd7 19.Nf5+ Kd8 20.Nxg7 Qxd1+ 21.Nxd1 Kc7
22.Bxf7 Bd7 23.Ne3 b6 24.Nd5+ Kb7 25.Qd6 Rad8 26.Qc7+ Ka6 27.Nb4+ Kb5 28.Qxa7  1-0

[Event "XIII Konik Morski Open A"]
[Site "Rewal POL"]
[Date "2008.08.25"]
[Round "5"]
[White "Meyer,Fa"]
[Black "Jagodzinski,W"]
[Result "1-0"]
[WhiteElo "2305"]
[BlackElo "2141"]

1.e4 d6 2.d4 Nf6 3.Nc3 c6 4.f4 Qa5 5.e5 Nd5 6.Bd2 Nxc3 7.Qf3 Bf5 8.Bd3 e6
9.bxc3 d5 10.Bxf5 exf5 11.g4 fxg4 12.Qxg4 Nd7 13.Nf3 h6 14.e6 fxe6 15.Qxe6+ Kd8
16.Rb1 Qc7 17.O-O Bd6 18.Ne5 Bxe5 19.fxe5 Rf8 20.Rxf8+ Nxf8 21.Qg8 Qe7 22.Rf1 Ke8
23.e6  1-0

[Event "XXV Open"]
[Site "Collado Villalba ESP"]
[Date "2008.08.26"]
[Round "5"]
[White "Guliev,L"]
[Black "Cueto,J BOL"]
[Result "1-0"]
[WhiteElo "2436"]
[BlackElo "2321"]

1.e4 d6 2.d4 Nf6 3.Nc3 e5 4.Nf3 Nbd7 5.Bc4 Be7 6.O-O O-O 7.Re1 c6 8.a4 a5
9.h3 exd4 10.Nxd4 Nc5 11.Bg5 Be6 12.Nxe6 fxe6 13.Qd4 Nfd7 14.Be3 d5 15.exd5 exd5
16.Bf1 Kh8 17.Rad1 Qb6 18.Qg4 Nf6 19.Qg3 Qd8 20.Bd4 Bd6 21.Qh4 Nfe4 22.Qxd8 Raxd8
23.Nxe4 Nxe4 24.f3 Nc5 25.b3 Rde8 26.Bf2 Rxe1 27.Rxe1 Kg8 28.h4 Kf7 29.g3 Re8
30.Rd1 Ke7 31.Kg2 Kd7 32.Bd4 Re7 33.h5 b6 34.f4 Kc7 35.Kf3 h6 36.Kg4 Ne4
37.Bd3 Bc5 38.Bxe4 Bxd4 39.Rxd4 Rxe4 40.Rxe4 dxe4 41.f5 Kd6 42.Kf4 Kd5 43.Ke3 b5
44.g4 b4 45.g5 hxg5 46.f6 gxf6 47.h6 f5 48.h7 f4+ 49.Ke2 g4 50.h8=Q g3 51.Qh5+  1-0

[Event "44th Rubinstein Mem Open A"]
[Site "Polanica Zdroj POL"]
[Date "2008.08.26"]
[Round "8"]
[White "Raszkiewicz,A"]
[Black "Sikorska,D"]
[Result "0-1"]
[WhiteElo "1827"]
[BlackElo "1919"]

1.e4 d6 2.d4 Nf6 3.Nc3 e5 4.dxe5 dxe5 5.Qxd8+ Kxd8 6.Bg5 c6 7.O-O-O+ Kc7
8.Bc4 Be6 9.Bxe6 fxe6 10.f3 Nbd7 11.Nge2 h6 12.Be3 Be7 13.Kb1 b5 14.Nc1 a5
15.a4 Rhb8 16.axb5 cxb5 17.Nd3 a4 18.b3 Ra6 19.Kc1 Ne8 20.Kd2 axb3 21.cxb3 Ra3
22.Rb1 Nd6 23.Rhc1 Kd8 24.Rc2 Nf7 25.Ra2 b4 26.Rxa3 bxc3+ 27.Kxc3 Bxa3 28.b4 Nd6
29.Kb3 Rc8 30.Ra1 Nb5 31.Bc5 Nxc5+ 32.Nxc5 Nd4+ 33.Kxa3 Nc2+ 34.Kb2 Nxa1
35.Kxa1 Rc6 36.Kb2 Kc7 37.Kb3 Rd6 38.Kc3 g5 39.Nd3 Rc6+ 40.Kb3 Kd6 41.Nc5 Rc7
42.Kc4 Ra7 43.Kb3 Ra1 44.Nb7+ Kc7 45.Nc5 Rg1 46.Nxe6+ Kb6 47.Nd8 Rxg2 48.Nf7 Rxh2
49.Nxe5 h5 50.Nf7 Rg2 51.e5 Rg3 52.Kc4 Rxf3 53.e6 g4 54.Kd4 Kc7 55.b5 g3
56.e7 g2 57.e8=Q g1=Q+ 58.Kd5 Qd1+ 59.Ke6 Re3+ 60.Ne5 Qg4+  0-1

[Event "16th Nikea Open"]
[Site "Athens GRE"]
[Date "2008.08.27"]
[Round "3"]
[White "Rigopoulos,T"]
[Black "Goumas,I"]
[Result "0-1"]
[WhiteElo "1749"]
[BlackElo "2219"]

1.e4 d6 2.d4 Nf6 3.Nc3 e5 4.dxe5 dxe5 5.Qxd8+ Kxd8 6.Bg5 Be6 7.O-O-O+ Nd7
8.f4 exf4 9.Nh3 Bd6 10.Nxf4 h6 11.Nxe6+ fxe6 12.Bxf6+ gxf6 13.Bc4 Ke7 14.Nb5 Bf4+
15.Kb1 c5 16.g3 Be5 17.a4 Nb6 18.Na3 Nxa4 19.Bb5 Nb6 20.Nc4 Rhd8 21.Nxb6 axb6
22.c3 Rd6 23.Kc2 Ra5 24.Rxd6 Bxd6 25.c4 Be5 26.Kb3 Ra8 27.g4 Rd8 28.Kc2 Rg8
29.h3 Ra8 30.Rd1 Bd4 31.Rd2 Ra1 32.Rd1 Ra2 33.Rb1 Kd6 34.Kb3 Ra8 35.Re1 Ke5
36.Re2 Ra1 37.Rh2 Re1 38.h4 Rxe4 39.Rg2 Kf4 40.g5 fxg5 41.hxg5 hxg5 42.Bd7 g4
43.Bc8 g3 44.Bxb7 Re3+ 45.Kc2 e5  0-1

[Event "TCh-MNE Premier"]
[Site "Herceg Novi MNE"]
[Date "2008.08.27"]
[Round "3"]
[White "Pikula,D"]
[Black "Damljanovic,B"]
[Result "1/2-1/2"]
[WhiteElo "2564"]
[BlackElo "2579"]

1.e4 d6 2.d4 Nf6 3.Nc3 Nbd7 4.Nf3 e5 5.Bc4 Be7 6.O-O Nb6 7.Be2 exd4 8.Qxd4 O-O
9.Bg5 Nfd7 10.Bxe7 Qxe7 11.Rfe1 Ne5 12.Rad1 Bg4 13.Nxe5 dxe5 14.Qe3 Be6 15.Nd5 Bxd5
16.exd5 Rad8 17.c4 Rfe8 18.a3 a5 19.d6 Qd7 20.c5 Nc8 21.dxc7 Qxc7 22.Bb5 Re7
23.Ba4 Rd4 24.Bb5 g6 25.Be2 b6 26.Rxd4 exd4 27.Qxd4 bxc5 28.Qd2  1/2-1/2

[Event "XLII Open"]
[Site "Mislata ESP"]
[Date "2008.08.27"]
[Round "3"]
[White "Castella Garcia,F"]
[Black "Puerto Traver,J"]
[Result "1/2-1/2"]
[WhiteElo "2337"]
[BlackElo "2132"]

1.e4 d6 2.d4 Nf6 3.Nc3 e5 4.dxe5 dxe5 5.Qxd8+ Kxd8 6.Bg5 Be6 7.O-O-O+ Nd7
8.f4 exf4 9.Nf3 Kc8 10.Bxf4 a6 11.Ng5 Bc5 12.Be2 Bg4 13.Bxg4 Nxg4 14.Nd5 Nge5
15.Nxc7 Kxc7 16.Rd5 f6 17.Rhd1 Kc6 18.Ne6 b6 19.Nxg7  1/2-1/2

[Event "44th Rubinstein Mem Open A"]
[Site "Polanica Zdroj POL"]
[Date "2008.08.27"]
[Round "9"]
[White "Lach,A"]
[Black "Bebel,A"]
[Result "1-0"]
[WhiteElo "2035"]
[BlackElo "2187"]

1.e4 d6 2.d4 Nf6 3.Nc3 e5 4.Nf3 Nbd7 5.g4 Nxg4 6.Rg1 exd4 7.Nxd4 Nde5 8.h3 Nf6
9.f4 Ng6 10.Qf3 Bd7 11.Be3 c5 12.Nb3 a6 13.O-O-O Qc7 14.Bc4 Bc6 15.Bd5 Bxd5
16.Nxd5 Nxd5 17.exd5 O-O-O 18.Bd2 Qd7 19.Rge1 Be7 20.Na5 Nh4 21.Qa3 Bf6 22.Re3 b5
23.Nc6 Qb7 24.Rb3 c4 25.Rb4 Kd7 26.Bc3 a5 27.Nxa5 Qa6 28.Bxf6 gxf6 29.Nxc4 Qxa3
30.Nxa3 Rb8 31.Nxb5 Nf5 32.a4 Rhg8 33.Rb3 Rg2 34.Kb1 Rf2 35.Rb4 Ne3 36.Rd3 Ng2
37.Rc4 Rf1+ 38.Ka2 Rxf4 39.Rc7+ Kd8 40.Rxf7 Rxa4+ 41.Na3 Nf4  1-0

[Event "44th Rubinstein Mem Open A"]
[Site "Polanica Zdroj POL"]
[Date "2008.08.27"]
[Round "9"]
[White "Duda,J"]
[Black "Plonczak,D"]
[Result "1-0"]
[WhiteElo "1939"]
[BlackElo "2162"]

1.e4 d6 2.d4 Nf6 3.Nc3 e5 4.dxe5 dxe5 5.Qxd8+ Kxd8 6.Bg5 Bd6 7.Bc4 Be6 8.Bxe6 fxe6
9.f3 Ke7 10.Nd1 Nc6 11.c3 b5 12.Ne2 h6 13.Be3 Na5 14.Nc1 b4 15.Nd3 bxc3 16.Nxc3 Nc4
17.Ke2 Rhb8 18.b3 Nxe3 19.Kxe3 Nd7 20.Na4 Nb6 21.Nac5 a5 22.Rhc1 a4 23.b4 a3
24.Rab1 Nc8 25.Rb3 Ra7 26.Rcc3 Rba8 27.Ne1 Nb6 28.Ke2 Na4 29.Nxa4 Rxa4 30.Nc2 Kd7
31.Kd3 Rc8 32.Kd2 Rca8 33.Kd1 R8a7 34.Rxa3 Rxa3 35.Rxa3 Rxa3 36.Nxa3 Bxb4
37.Nc4 Bc3 38.Kc2 Bd4 39.Kd3 c5 40.Na5 Kc7 41.Kc4 Kb6 42.Nb3 Bg1 43.h3 g6
44.a4 g5 45.a5+ Ka6 46.g4 Bf2 47.Nxc5+ Kxa5 48.Nxe6 Kb6 49.Kd5 Bg3 50.Ng7 Kc7
51.Nf5 Bf4 52.Nxh6 Kd7 53.Nf7 Ke7 54.Nxe5 Kf6 55.Nd3 Bc7 56.e5+ Kf7 57.Ke4 Kg6
58.f4  1-0

[Event "8th Open"]
[Site "Velika Gorica CRO"]
[Date "2008.08.27"]
[Round "6"]
[White "Slamar,V"]
[Black "Jurkovic,A"]
[Result "0-1"]
[WhiteElo "2217"]
[BlackElo "2343"]

1.e4 d6 2.d4 Nf6 3.Nc3 c6 4.Nf3 Bg4 5.Be2 e6 6.O-O d5 7.exd5 cxd5 8.h3 Bh5
9.g4 Bg6 10.Ne5 Nc6 11.Be3 Bb4 12.Bb5 Rc8 13.Ne2 Bd6 14.c3 Nd7 15.Bf4 Qc7
16.Nxg6 hxg6 17.Bxd6 Qxd6 18.Kg2 Nf6 19.Qd2 Nxg4 20.Nf4 Nf6 21.Qe3 Ke7 22.Rae1 Rh4
23.Nd3 Rch8 24.Ne5 Rxh3 25.Qxh3 Rxh3 26.Kxh3 Ne4 27.Bxc6 bxc6 28.f3 Nf6 29.b4 Nh5
30.Kg4 Nf6+ 31.Kh3 Ng8 32.a4 Nh6 33.b5 cxb5 34.axb5 f6 35.Nxg6+ Kf7 36.Nh4 g5
37.Ng2 Qb8 38.Ra1 Nf5 39.f4 g4+ 40.Kxg4 Qg8+  0-1

[Event "2nd Open"]
[Site "Urumia IRI"]
[Date "2008.08.28"]
[Round "4"]
[White "Golizadeh,A"]
[Black "Mahjoob,M"]
[Result "0-1"]
[WhiteElo "2271"]
[BlackElo "2502"]

1.e4 d6 2.Nc3 Nf6 3.d4 c6 4.h3 e5 5.Nf3 Nbd7 6.a4 Be7 7.Bc4 O-O 8.O-O h6
9.dxe5 dxe5 10.Qe2 Re8 11.Nh4 Nf8 12.Rd1 Qc7 13.Qf3 Be6 14.Bxe6 fxe6 15.Qe2 Rad8
16.Be3 a5 17.Qc4 Kh7 18.Nf3 b6 19.Ne2 N6d7 20.c3 Bc5 21.Bxc5 Nxc5 22.b4 Rxd1+
23.Rxd1 Nxa4 24.Qb3 b5 25.bxa5 Nd7 26.Qb4 Ndc5 27.c4 Rb8 28.cxb5 Rxb5 29.Qd2 Rb2
30.Qe1 Nb3 31.Nc1 Nxa5 32.Nd3 Rb5 33.Ra1 Nc5 34.Nxc5 Rxc5 35.Qe2 Qe7 36.h4 Nb3
37.Ng5+ Kg6 38.Qg4 hxg5 39.h5+ Kh7  0-1

[Event "2nd Open"]
[Site "Urumia IRI"]
[Date "2008.08.28"]
[Round "5"]
[White "Rasulov,Vu"]
[Black "Bagaturov,G"]
[Result "0-1"]
[WhiteElo "2392"]
[BlackElo "2482"]

1.e4 d6 2.d4 Nf6 3.Nc3 e5 4.Nf3 Nbd7 5.Bc4 Be7 6.Ng5 O-O 7.Bxf7+ Rxf7 8.Ne6 Qe8
9.Nxc7 Qd8 10.Nxa8 b6 11.dxe5 dxe5 12.Nd5 Bc5 13.Nxf6+ Qxf6 14.O-O Ba6 15.Nc7 Bxf1
16.Qxf1 Qh4 17.Kh1 Bxf2 18.Qd1 Nc5 19.Qd5 Nxe4 20.h3 Ng3+ 21.Kh2 Bg1+  0-1

[Event "28th Open"]
[Site "Bratto ITA"]
[Date "2008.08.29"]
[Round "8"]
[White "Jaracz,P"]
[Black "Efimov,Ig"]
[Result "1/2-1/2"]
[WhiteElo "2501"]
[BlackElo "2458"]

1.e4 d6 2.d4 Nf6 3.Nc3 e5 4.Nf3 Nbd7 5.Bc4 Be7 6.O-O O-O 7.Re1 c6 8.a4 Qc7
9.h3 b6 10.b3 Bb7 11.Bb2 a6 12.Bd3 Rfe8 13.Ne2 Bf8 14.Ng3 g6 15.Qd2  1/2-1/2